The Fading Miracle : (Record no. 618008)

MARC details
000 -LEADER
fixed length control field 00519nam a2200193 a 4500
008 - FIXED-LENGTH DATA ELEMENTS--GENERAL INFORMATION
fixed length control field 260318s1992##################000#0#eng##
020 ## - INTERNATIONAL STANDARD BOOK NUMBER
ISBN 9780521358699
082 04 - DEWEY DECIMAL CLASSIFICATION NUMBER
Classification number 338.943009045
Item number GIE
100 1# - MAIN ENTRY--AUTHOR NAME
Personal name Giersch, Herbert,
245 10 - TITLE STATEMENT
Title The Fading Miracle :
260 ## - PUBLICATION, DISTRIBUTION, ETC. (IMPRINT)
Name of publisher Cambridge University Press,
Year of publication 1992.
300 ## - PHYSICAL DESCRIPTION
Number of Pages 324 pages
650 #0 - SUBJECT ADDED ENTRY--TOPICAL TERM
Topical Term Business & Economics.
942 ## - ADDED ENTRY ELEMENTS (KOHA)
Koha item type English Books
Holdings
Withdrawn status Lost status Damaged status Not for loan Home library Current library Shelving location Date acquired Full call number Accession Number Price effective from Koha item type
        Anna Centenary Library Anna Centenary Library 4TH FLOOR, A WING 18.03.2026 338.943009045 GIE 193025 18.03.2026 English Books

Find us on the map